| 000 | 00363nam a22001457a 4500 | ||
|---|---|---|---|
| 003 | MACL | ||
| 005 | 20170523114414.0 | ||
| 008 | 170523b xxu||||| |||| 00| 0 eng d | ||
| 040 | _cMACL | ||
| 100 |
_aJoshi Amraendra _964847 |
||
| 245 | _aThe Stories of Lord Vishnu | ||
| 260 |
_aDelhi _bVigyan Pustal Sansar _c2016 |
||
| 650 |
_aStories _967170 |
||
| 942 |
_2ddc _cBK |
||
| 999 |
_c56347 _d56347 |
||